Human rights in the city : adaptation of municipal regulations to the European Charter : Network of Cities for Human Rights adaptation of municipal regulations to the European Charter : Network of Cities for Human Rights
ISBN:
9788498032260
Descripción Física:
66 pàgines ; 29 cm
Colección:
Working Documents. Equality and Citizenship
; 7
Materias:
Drets humans
; Administració local -- Barcelona (Catalunya : Província)
; Manuals, vademècums, etc.
Idioma:
English
MARC
| LEADER | 00000nam a2200000 a 4500 | ||
|---|---|---|---|
| 001 | 26174 | ||
| 008 | 220706b spa||||| |||| 00| 0 eng d | ||
| 017 | |a DL B 32646-2007 | ||
| 020 | |a 9788498032260 | ||
| 080 | |a Bib-783 | ||
| 245 | 0 | 0 | |a Human rights in the city : |b adaptation of municipal regulations to the European Charter : Network of Cities for Human Rights |
| 250 | |a First edition | ||
| 260 | |a Barcelona : |b Barcelona Provincial Council, |c june 2007 | ||
| 300 | |a 66 pàgines ; |c 29 cm | ||
| 490 | |a Working Documents. Equality and Citizenship ; |v 7 | ||
| 650 | 0 | |a Drets humans |9 40200 | |
| 650 | 0 | |a Administració local |x Barcelona (Catalunya : Província) |9 30797 | |
| 655 | 0 | |9 52956 |a Manuals, vademècums, etc. | |
| 710 | 1 | |a Barcelona (Catalunya : Província). |b Diputació |9 52408 | |
| 942 | |2 udc |c ARXIU |n 1 | ||
| 952 | |0 0 |1 0 |4 0 |6 BIB783 |7 1 |9 62685 |a Arxiu |b Arxiu |d 2022-07-06 |l 0 |o Bib-783 |p 26174 |r 2022-07-06 00:00:00 |w 2022-07-06 |y ARXIU | ||
| 999 | |c 82217 |d 82217 | ||